00696nam a22002177a 450000500170000001000130001702000230003003500130005303700160006604000120008208200180009410000250011224500850013726000420022227000740026430000280033850000190036665000550038565000210044070000170046120170124110238.0 aB-226774 c895.00a8170492394 aB-226774 bCen Lib/Ret aDPLbEN a355.0217bPIL aPillai, A Sivathanu  aOcean warfare :cby A Sivathanu Pillai [and] R K Tewarib the technology waves / aNew Delhi bManas Publications c2006 bNew Delhi a4858, Prahlad Street, 24, Ansari Road, Darya Ganje110002 a456p. :c24cm(Hb)bill. aIncludes index aNaval art and science -- Technological innovations aWeapons systems. aTewari, R K